| 000 | 00459nam a22001697a 4500 | ||
|---|---|---|---|
| 999 |
_c11689 _d11689 |
||
| 003 | OSt | ||
| 008 | 230113b ||||| |||| 00| 0 eng d | ||
| 020 | _a9789389583700 | ||
| 082 | _a658.402 KAB | ||
| 100 | _aKAILA,HL | ||
| 245 | _aBehaviour Based Safety in Organizations Saving Life before the Accident | ||
| 250 | _a2nd Ed | ||
| 260 |
_aNew Delhi _bWiley _c2019 |
||
| 300 | _a235 | ||
| 650 | _aBehaviour Based Safety in Organizations | ||
| 942 |
_2ddc _cREF |
||